000
00298nam a22001217a 4500
040
_c
SY
082
_a
333
100
_a
MARIA ROSARIO
245
_a
Strategic environmental assessment current practices, future demands and capacity building
260
_a
RUA
_b
MAR
_c
NA
300
_a
69p.
942
_c
EK
999
_c
9785
_d
9785